00524nam a2200181 a 4500008004100000020001500041050001500056100001800071245004500089250001200134260003300146300002300179350000900202490003400211500005100245650002200296700002400318120416s1981 ||||||||||||||||| || u a0070362815 aHG 179 Lan aLang, Larry R10aStrategy for personal finance. (2nd ed.) a2nd ed. aNew York:bMcGraw-Hillc1981 axxii, 818p. : ill. a0.00 aMcGraw-Hill series in finance aIncludes bibliographical references and index. aFINANCE, PERSONAL aGillespie, Thomas H